BIBLIOTECA PODER JUDICIAL
Portal Judicial TDF

Protección de la vivienda y uniones convivenciales / (Registro nro. 5844)

000 -LEADER
fixed length control field 01053nab a22002057a 4500
003 - CONTROL NUMBER IDENTIFIER
control field OSt
005 - DATE AND TIME OF LATEST TRANSACTION
control field 20260108020609.0
008 - FIXED-LENGTH DATA ELEMENTS--GENERAL INFORMATION
fixed length control field 190514b xxu||||| |||| 00| 0 spa d
040 ## - CATALOGING SOURCE
Transcribing agency PJ
100 ## - MAIN ENTRY--PERSONAL NAME
9 (RLIN) 5064
Personal name Fernández, María José
245 10 - TITLE STATEMENT
Title Protección de la vivienda y uniones convivenciales /
Statement of responsibility, etc María José Fernández.
300 ## - PHYSICAL DESCRIPTION
Extent p. 116-123
505 ## - FORMATTED CONTENTS NOTE
Formatted contents note Sumario: I. Breves palabras de inicio. Elección del tema.— II. Introducción. — III. Uniones convivenciales y vivienda familiar.— IV. Relaciones de familia y restricciones al poder dispositivo. Evolución.— V. Estatuto patrimonial de las uniones convivenciales.— VI. Instrumentos de protección de la vivienda. — VII. A modo de cierre
505 ## - FORMATTED CONTENTS NOTE
Title Si te interesa el texto, comunicate a koha@justierradelfuego.gov.ar
650 #0 - SUBJECT ADDED ENTRY--TOPICAL TERM
9 (RLIN) 967
Topical term or geographic name as entry element DERECHO DE FAMILIA
650 #0 - SUBJECT ADDED ENTRY--TOPICAL TERM
9 (RLIN) 1053
Topical term or geographic name as entry element UNIONES CONVIVENCIALES
650 #0 - SUBJECT ADDED ENTRY--TOPICAL TERM
9 (RLIN) 5362
Topical term or geographic name as entry element VIVIENDA FAMILIAR
773 0# - HOST ITEM ENTRY
Host Biblionumber 2844
Host Itemnumber 3222
Place, publisher, and date of publication Buenos Aires : AbeledoPerrot, 1989-
Title Derecho de familia. N° 119 - Mayo 2025
International Standard Book Number 18511201
942 ## - ADDED ENTRY ELEMENTS (KOHA)
Source of classification or shelving scheme
Koha item type Analítica Artículo de Revista

No hay ítems disponibles.

12 de Octubre 789 Ushuaia - Tel:  54(02901)441571
Horario de Atención: 8.00 a 17.00 hs. 
bibliotecaush@justierradelfuego.gov.ar
koha@justierradelfuego.gov.ar
Seguinos en nuestras redes @bibliojustdf 

Con tecnología Koha